000 00492nam a2200145Ia 4500
003 OSt
005 20260120110016.0
008 211028s2014 xx 000 0 und d
040 _cAIMIT LIBRARY
041 _aeng
100 _aPinto, Daphne Ruweena;Thomas, Babu.
_g1216026
_97141
245 _aStudy on the consumer behavior of nandini butermilk in Mangalore city at Dakshina Kannada co operative milk producers union limited /
260 _aMangalore
_bBabu Thomas
_c2014
942 _2ddc
_cPRO
999 _c218711
_d218711